| 000 | 00566nam a2200229Ia 4500 | ||
|---|---|---|---|
| 005 | 20250425162721.0 | ||
| 008 | 250425s9999 xx 000 0 und d | ||
| 020 | _a9701058801 | ||
| 041 | _aspa | ||
| 082 | _a613.2 | ||
| 100 | _aCASTONGUAY, THOMAS W. | ||
| 245 | 0 | _aAPLICACIONES EN NUTRICIÓN : CUADERNO DE TRABAJO | |
| 250 | _a2A ED. | ||
| 260 | _aMEXICO | ||
| 260 |
_aMéxico _bMCGRAW-HILL _c2007 |
||
| 300 | _a278 | ||
| 650 | _aCOMPOSICION DE LOS ALIMENTOS | ||
| 650 | _aDIETETICA | ||
| 650 | _aNUTRICION HUMANA | ||
| 942 | _c01 | ||
| 010 | _a102514 | ||
| 999 |
_c234993 _d234993 |
||